All Carribean countries by flags - Statistics

General Stats
  • This quiz has been taken 114 times
  • The average score is 12 of 13
Answer Stats
Picture Answer % Correct
Jamaica
99%
Barbados
98%
Cuba
97%
Dominican Republic
97%
Dominica
96%
Haiti
96%
St Lucia
96%
Trinidad and Tobago
96%
Grenada
95%
Antigua and Barbuda
94%
Bahamas
94%
St Kitts and Nevis
94%
St Vincent and the Grenadines
90%
No matching quizzes found
Score Distribution
Percent of People with Each Score
Percentile by Number Answered
Your Score History
You have not taken this quiz